| 000 | 00502nam a2200181Ia 4500 | ||
|---|---|---|---|
| 005 | 20250423100745.0 | ||
| 008 | 250422s9999 xx 000 0 und d | ||
| 020 | _a9781405184748 | ||
| 050 | _aRC 78.15 .S53/ | ||
| 100 | _aShaw, Ashley | ||
| 245 | 0 | _aRadiology: Clinical cases uncovered (ccu) | |
| 260 | _aUK | ||
| 260 | _bJohn Wiley & Son | ||
| 260 | _c2009 | ||
| 300 | _a214 p | ||
| 650 | _aRadiolography--method-case studies Radiology--Juvenile literature. Medical radiology. | ||
| 942 | _cBK | ||
| 999 |
_c34252 _d34252 |
||